Považie Maninská užina

Zobrazenie: Pohľad na Manínsku úžinu, ktorou prechádza cesta. Ľavý svah je čiastočne zalesnený a v pravom dolnom rohu sú kríky. V hornej časti je čierne orámovanie

Bibliographic Details
Format: Postcard
Language:Slovak
PhysicalDescription:1 pohľadnica tónovaná do modra 9 x 14 cm
Published: V Trenčíne Leopold Gansel [medzi 1919 a 1940?]
Subjects:

MARC

LEADER 00000nkm a2200000 a 4500
001 vtls012023183
003 SK-MaSNL
005 20260512130142.0
007 kp ao
008 231121q1919 xo g 00 kuslo
015 |a SNBG 
035 |a urn:nbn:sk:snk-km00giqi 
035 |a A9CB0924-FE58-4201-81F0-5E41A175BA0E 
040 |a SNK  |b slo  |c SNK  |e AACR2 
041 0 |a slo 
043 |a e-xo--- 
044 |a xo  |c SK 
072 7 |a 908(437)  |x Vlastiveda Česka a Slovenska  |2 konspekt 
080 |a 908(437.6)  |2 2011 
080 |a (084.121)  |2 2011 
080 |a 551.435.4(234.372.4)  |2 2011 
245 0 0 |a Považie  |h grafika  |b Maninská užina 
260 |a V Trenčíne  |b Leopold Gansel  |c [medzi 1919 a 1940?] 
300 |a 1 pohľadnica  |b tónovaná do modra  |c 9 x 14 cm 
500 |a Názvové údaje prevzaté z obrazovej časti dokumentu 
500 |a Číslo záberu 9 
520 8 |a Zobrazenie: Pohľad na Manínsku úžinu, ktorou prechádza cesta. Ľavý svah je čiastočne zalesnený a v pravom dolnom rohu sú kríky. V hornej časti je čierne orámovanie 
650 0 7 |a tiesňavy  |2 SNKPH  |9 59063 
650 0 7 |a skalné útvary  |2 SNKPH  |9 115197 
651 7 |a Národná prírodná rezervácia Manínska tiesňava (Slovensko)  |2 SNKPHgeo  |9 81669 
651 7 |a Súľovské vrchy (Slovensko : pohorie)  |2 SNKPHgeo  |9 79691 
655 7 |a geografické pohľadnice  |2 SNKPH  |9 70522 
752 |a Slovensko  |d Trenčín 
852 |a Slovenská národná knižnica 
958 |a OND 
958 |a GBN 
958 |a GC 
958 |a EUIPO 
999 |c 1163984  |d 1165914 
952 |a SNK  |b SNK  |y PREZ  |7 0  |p 17A1409829  |o snkSP 117241  |0 0  |1 0  |4 0  |d 2021-04-14  |f 1  |l 0  |r 2026-02-24 20:43:29  |w 2026-02-24